000 01082cgm a2200313 4500
001 E1826
008 090401t1993 xxu||||| |||| 00| 0 eng d
035 _a(Sirsi) u35865
041 _aeng
050 _a346.4104346
100 _aFox, Gerry
245 _aResidential leasehold reform 1993 (sound recording).
260 _aLondon
_bRICS
_c1993
300 _a1 sound cassette (60 min.)
350 _a10.21
490 _aOwlion Audio Programme
520 _aDescribes the provisions in Part 1 of the Leasehold Reform, Housing and Urban Development Act 1993 relating to enfranchisement of blocks of flats and high value houses and to flat lease extensions.
650 _aAUDIO CASSETTES
650 _aLEASEHOLD FLATS
650 _aLEASEHOLD REFORM, HOUSING AND URBAN DEVELOPMENT ACT 1993
650 _aRESIDENTIAL LEASES
650 _aRIGHT TO BUY
690 _aLANDLORD AND TENANT-LEASEHOLD REFORM
700 _aEllis, Jennifer
700 _aPetter, Jeremy N.
710 _aRoyal Institution of Chartered Surveyors
_94900
942 _n0
948 _c04/03/1997
999 _c85212
_d85212